Bitwy wojny Rosyjsko-Ukraińskiej - Statystyki

Ogólne statystyki
  • Ten quiz został rozwiązany 29 razy
  • Średni wynik to 2 z 11
Statystyki odpowiedzi
Hint Odpowiedź % Poprawnych
25.02.2022 -02.04.2022 Bitwa o Kijów
88%
24.02.2022 - 20.05.2022 Bitwa o Mariupol
63%
25.02.2022 - 01.04.2022 Bitwa o Hostomel
33%
25.02.2022 - 07.03.2022 Bitwa o Mikołajów
21%
24.02.2022 Atak na Wyspę Wężową
4%
02.2022-03.2022 Bitwa o Irpień
4%
26.02.2022 Bitwa o Wasylków
0%
02.03.2022 - 03.03.2022 Bitwa pod Wozniesieńskiem
0%
07.03.2022 - 24.03.2022 Walki o Izium
0%
24.02.2022 - 03.07.2022 Walki o Siewierodonieck i Lisiczańsk
0%
25.02.2022 - 26.03.2022 Walki o Trościaniec
0%
Nie znaleziono quizów pasujących do podanych kryteriów
Rozkład punktacji
Procent ludzi z każdym wynikiem
Percentyl według liczby udzielonych odpowiedzi
Twoja historia wyników
Nie rozwiązałeś tego quizu